000 00424nam a2200181Ia 4500
005 20250603145131.0
008 250603s9999 xx 000 0 und d
020 _a9780471388272
050 _aNA 2543 .T43 .B33/
100 _aBachman, Leonard R.
245 0 _aIntegrated buildings
260 _aNew Jersey
260 _bJohn Wiley & Sons
260 _c2003
300 _a80 p
650 _aNew Jersey
942 _cBK
999 _c40975
_d40975